000 00655nam a2200253Ia 4500
005 20260121155248.0
008 008 260114s9999 xx 000 0 eng d
020 _a9781003007296
037 _aEBOOK
040 _aCRL
040 _beng
040 _cCRL
041 _2eng
041 _aeng
084 _qCRL
100 _a Julian Goodare; Rita Voltmer; Liv Helene Willumsen
_91017369
245 0 _aDemonology and Witch-Hunting in Early Modern Europe
260 _bTaylor and Francis
260 _c2020
856 _uhttp://www.taylorfrancis.com/books/9781003007296
942 _cEBOOK
999 _c1584188
_d1584188